02101nab a2200265uuc4500001000800000005001700008008004100025035001200066040001300078041000800091100004700099245005300146520122400199650001501423650002501438650001201463650002401475650002501499650004201524700003701566700003101603700003101634700004101665773012901706149680220240202130814.0180612e20171210 eng  a1496802 ccomduadb aeng10aLópez Contreras, Yuly Fernanda4auteaut10aAdhesion forces in asphalt mixtures at nanoscale3 aLas fuerzas de adhesión entre asfalto y diferentes minerales fueron obtenidas empleando el microscopio de fuerza atómica (AFM). El AFM permite el estudio de la interacción entre dos moléculas en la misma superficie o en interfaces y su comportamiento. En esta investigación, varias muestras de asfalto con diferentes propiedades fueron puestas en contacto con puntas modificadas para el AFM. Estas puntas fueron fabricadas con minerales comúnmente encontrados en los agregados empleados en mezclas asfálticas, como son en dióxido de silicio (SiO2) y el carbonato de calcio (CaCO3). El trabajo de adhesión fue obtenido empleando curvas de fuerza - distancia para cada sistema asfalto-mineral. La medición directa de las fuerzas desarrolladas entre asfalto y agregado en la interface empleando técnicas nanoscopicas proveen un mejor entendimiento del sistema y sus características. Esto, sin duda alguna contribuirá en la selección de combinaciones asfalto - agregado empleadas en mezclas asfálticas que desarrollen enlaces más fuertes, produciendo sistemas más resistentes a las diferentes fallas relacionadas al fenómeno de adhesión que pueden generarse en pavimentos asfálticos. aAdhesión aMezclas asfálticas aAsfalto aCarbonato de calcio aDióxido de silicio aMicroscopio de fuerza atómica (MFA)10aChaves Guerrero, Arlex4auteaut10aAkbulut, Mustaka4auteaut10aCheng, Zhengdong4auteaut10aHoyos Marín, Luis Javier4auteaut0 tCT&F : Ciencia,Tecnología y Futuro (Bucaramanga)gVolumen 07, Número 01, Diciembre 2017, 59-72w116836x0122-5383070714